<?xml version="1.0" encoding="UTF-8"?>
<record
    xmlns:xsi="http://www.w3.org/2001/XMLSchema-instance"
    xsi:schemaLocation="http://www.loc.gov/MARC21/slim http://www.loc.gov/standards/marcxml/schema/MARC21slim.xsd"
    xmlns="http://www.loc.gov/MARC21/slim">

  <leader>02247nac a22002531u 4500</leader>
  <datafield tag="090" ind1=" " ind2=" ">
    <subfield code="c">8629</subfield>
  </datafield>
  <controlfield tag="008">080821t        xxu||||| |||| 00| 0 eng d</controlfield>
  <datafield tag="020" ind1=" " ind2=" ">
    <subfield code="a">9781412939546 :</subfield>
  </datafield>
  <datafield tag="020" ind1=" " ind2=" ">
    <subfield code="a">1412939542:</subfield>
  </datafield>
  <datafield tag="082" ind1=" " ind2=" ">
    <subfield code="a">300.72 </subfield>
    <subfield code="b">STA</subfield>
  </datafield>
  <datafield tag="100" ind1=" " ind2=" ">
    <subfield code="a">Stanczak, Gregory C.,        </subfield>
  </datafield>
  <datafield tag="245" ind1=" " ind2=" ">
    <subfield code="a">Visual research methods : image, society, and representation /</subfield>
    <subfield code="b">image, society, and representation /</subfield>
    <subfield code="c">Gregory C. Stanczak.</subfield>
  </datafield>
  <datafield tag="260" ind1=" " ind2=" ">
    <subfield code="a">Thousand Oaks, [Calif.] :</subfield>
    <subfield code="b">Sage Publications, 2007.</subfield>
    <subfield code="c">c2007.</subfield>
  </datafield>
  <datafield tag="300" ind1=" " ind2=" ">
    <subfield code="a">ix,366 p.:</subfield>
    <subfield code="b">ill.;</subfield>
    <subfield code="c">24 cm.</subfield>
  </datafield>
  <datafield tag="500" ind1=" " ind2=" ">
    <subfield code="a">Distributer: Bacca</subfield>
  </datafield>
  <datafield tag="504" ind1=" " ind2=" ">
    <subfield code="a">Includes bibliographical references and index.</subfield>
  </datafield>
  <datafield tag="505" ind1=" " ind2=" ">
    <subfield code="a">Introduction : images, methodologies, and generating social knowledge / Gregory C. Stanczak -- Observing culture and social life : documentary photography, fieldwork, and social research / Jon Wagner -- All photos lie : images as data / Barry Goldstein -- Capturing the visual traces of historical change : the internet mission photography archive / Jon Miller -- The failure of "the president&#x2019;s choice" / Erina Duganne -- Using photography in studies of immigrant communities : reflecting across projects and populations / Steven J. Gold -- Inner-city children in sharper focus : sociology of childhood and photo-elicitation interviews / Marisol Clark-Ibanez -- When words are not enough : eliciting children&#x2019;s experiences of buddhist monastic life through photographs / Jeffrey Samuels -- Signs of resistance : marking public space through a renewed cultural activism / Emmanuel David -- Performances, confessions, and identities : using video diaries to researching sexualities / Ruth Holliday -- Video methodology replacement -- Website design : the precarious blend of narrative, aesthetics and social theory / Stephen Papson, Robert Goldman, and Noah Kersey.</subfield>
  </datafield>
  <datafield tag="511" ind1=" " ind2=" ">
    <subfield code="a">Catalogued by: Sara</subfield>
  </datafield>
  <datafield tag="650" ind1=" " ind2=" ">
    <subfield code="a">a Social sciences</subfield>
    <subfield code="v">Research.</subfield>
  </datafield>
  <datafield tag="650" ind1=" " ind2=" ">
    <subfield code="a">Social sciences</subfield>
    <subfield code="v">Study and teaching.</subfield>
  </datafield>
  <datafield tag="856" ind1=" " ind2=" ">
    <subfield code="3">Publisher description</subfield>
    <subfield code="q">http://www.loc.gov/catdir/enhancements/fy0701/2006031955-d.html</subfield>
  </datafield>
  <datafield tag="942" ind1=" " ind2=" ">
    <subfield code="c">BB</subfield>
    <subfield code="k">300.72STA</subfield>
    <subfield code="2">ddc</subfield>
  </datafield>
  <datafield tag="999" ind1=" " ind2=" ">
    <subfield code="c">8629</subfield>
    <subfield code="d">8629</subfield>
  </datafield>
  <datafield tag="952" ind1=" " ind2=" ">
    <subfield code="0">0</subfield>
    <subfield code="1">0</subfield>
    <subfield code="2">ddc</subfield>
    <subfield code="4">0</subfield>
    <subfield code="7">0</subfield>
    <subfield code="a">MAIN</subfield>
    <subfield code="b">MAIN</subfield>
    <subfield code="c">1ST</subfield>
    <subfield code="d">2016-03-08</subfield>
    <subfield code="e">Purchase</subfield>
    <subfield code="l">2</subfield>
    <subfield code="m">2</subfield>
    <subfield code="o">300.72  STA</subfield>
    <subfield code="p">000010566</subfield>
    <subfield code="q">2021-12-18</subfield>
    <subfield code="r">2009-05-24 00:00:00</subfield>
    <subfield code="s">2009-05-24</subfield>
    <subfield code="y">BB</subfield>
  </datafield>
</record>
